| 000 | 01592cam a2200265 4500 | ||
|---|---|---|---|
| 001 | ABS67012 | ||
| 008 | 030901n2003 000 0 eng u | ||
| 035 | _a(Sirsi) u123420 | ||
| 100 | _aJones, A. | ||
| 245 | _aMaking all things equal | ||
| 260 | _c2003 | ||
| 490 |
_aRICS Business _vJuly/August 2003, 30-32(3) |
||
| 520 | _aDescribes RICS activities and initiatives with regard to removing barriers to women entering and staying in the property industry. Only 10% of chartered surveyors worldwide are female with even lower figures in some areas such as construction. This compares with 13% of chartered accountants and 36% of solicitors. With the launch of the Raising the Ratio campaign in 2001 and the publication of the extensive commissioned survey "The surveying profession as a career" (J123352) in 2003 RICS has demonstrated its commitment to encouraging employers to act responsibly and provide a clear and accessible route to promotion open to women within their company or organisation. Also points out the difficulties in the industry with regard to flexible working and the retention of women after the age of 35-40. Lists some websites of value to women working in property. | ||
| 590 | _aABS | ||
| 650 | _aCONSTRUCTION INDUSTRY | ||
| 650 | _aPROPERTY INDUSTRY | ||
| 650 | _aWOMEN SURVEYORS | ||
| 650 | _aRICS RAISING THE RATIO CAMPAIGN | ||
| 650 | _aEQUAL OPPORTUNITIES | ||
| 650 | _aCAREERS, EDUCATION AND TRAINING | ||
| 650 | _aSURVEYING SERVICES | ||
| 690 | _aMANAGEMENT-BUSINESS MANAGEMENT-PROFESSIONAL PRACTICE | ||
| 700 | _aTeller, T. | ||
| 942 | _n0 | ||
| 999 |
_c73312 _d73312 |
||